| 000 | 01002 a2200229 4500 | ||
|---|---|---|---|
| 001 | 30218 | ||
| 005 | 20260407155613.0 | ||
| 008 | 260407a1976 arg spa d | ||
| 003 | AR-UNSa-BCEJYS | ||
| 040 |
_aAR-UNSa-BCEJYS _bspa _cAR-UNSa-BCEJYS |
||
| 080 |
_a657.474.2 _xRelaciones entre la contabilidad comercial y la contabilidad de costes |
||
| 245 | 1 | 0 |
_aContabilidad de costos _pprincipios y prácticas |
| 250 | _a2a. ed | ||
| 264 | 1 |
_aMéxico : _bUnión Tipográfica Editorial Hispano-Americana (UTEHA) _c1976 |
|
| 300 |
_a632 p. _c29 cm. |
||
| 505 | _a1. Soluciones a los problemas - 2. Plan general sugerido para un curso de dos semestres de contabilidad de costos - 3. Plan general sugerido para un curso de un semestre de contabilidad de costos - 4. Plan general sugerido para un curso de un semestre de contabilidad de costos | ||
| 041 | _aspa | ||
| 942 | _cBK | ||
| 590 | _aniveau_biblio:m niveau_hierar:0 | ||
| 100 | 1 | _aFernández Cepero, Manuel de J. | |
| 700 | 1 | _aNeuner, John J.W. | |
| 999 |
_c2056 _d2056 |
||